[Event "Reykjavik Open 2026"]
[Site "Reykjavik ISL"]
[Date "2026.03.29"]
[Round "7.25"]
[White "Wall, Tim P"]
[Black "Siva, Mahadevan"]
[Result "0-1"]
[WhiteTitle "FM"]
[BlackTitle "IM"]
[WhiteElo "2189"]
[BlackElo "2454"]
[WhiteFideId "401641"]
[BlackFideId "25043153"]
[EventDate "2026.03.25"]

1. d4 d5 2. Nc3 Nf6 3. Bf4 a6 4. e3 c5 5. dxc5 Nc6 6. a3 h6 7. Nf3 Bg4 8. Be2
Bxf3 9. Bxf3 e5 10. Bg3 e4 11. Be2 Bxc5 12. O-O O-O 13. Bh4 g5 14. Bg3 d4 15.
exd4 Bxd4 16. Bc4 Qa5 17. Qe1 Rfe8 18. Nd5 Qc5 19. Ne3 Ne5 20. b4 Qc6 21. Bb3
Bc3 22. Qc1 Rad8 23. Rb1 Nh5 24. Rd1 Nf4 25. Bxf4 gxf4 26. Nd5 Ng6 27. Nxc3 Qxc3
28. Rxd8 Rxd8 29. Qe1 Qe5 30. Rd1 Rxd1 31. Qxd1 e3 32. Kf1 b5 33. Qd5 Qe7 34.
fxe3 fxe3 35. Qf3 Nh4 36. Qg4+ Kh8 37. Ke2 Qf6 38. Kxe3 Nf5+ 39. Ke4 Nd6+ 40.
Kd3 Qf1+ 41. Qe2 Qf6 42. Qf3 Qe5 43. g3 Kg7 44. Qf4 Qe7 45. Qe3 Qd7 46. Qd4+ Kg8
47. Kc3 Qe7 48. Kb2 Ne4 49. Bd5 Nf6 50. Bc6 Kh7 51. a4 bxa4 52. Bxa4 Ne4 53. Bc6
Ng5 54. Bd5 Kg8 55. h4 Nh7 56. Qg4+ Kf8 57. Qe4 Qf6+ 58. Ka2 Kg7 59. Qg4+ Kf8
60. Qf4 Qg6 61. Kb3 Nf6 62. Bc4 Nd7 63. h5 Qxh5 64. Bxa6 Ne5 65. Bb7 Ke7 66. Be4
Nd7 67. Bf5 Nf8 68. b5 Ne6 69. Qe5 Qxf5 0-1

[Event "Reykjavik Open 2026"]
[Site "Reykjavik ISL"]
[Date "2026.03.29"]
[Round "7.26"]
[White "ADU, Oladapo"]
[Black "Tutisani, Noe"]
[Result "1/2-1/2"]
[WhiteTitle "IM"]
[BlackTitle "IM"]
[WhiteElo "2173"]
[BlackElo "2454"]
[WhiteFideId "8500258"]
[BlackFideId "13602853"]
[EventDate "2026.03.25"]

1. e4 c6 2. d4 d5 3. Nc3 dxe4 4. Nxe4 Nf6 5. Nxf6+ exf6 6. c3 Bd6 7. Be3 O-O 8.
Bd3 Re8 9. Qc2 h5 10. Ne2 Nd7 11. h3 h4 12. O-O-O b5 13. Rdg1 Nb6 14. Bh7+ Kh8
15. Be4 Nd5 16. Bd2 f5 17. Bd3 f4 18. Re1 Be6 19. Ng1 b4 20. Qd1 Nf6 21. c4 Qa5
22. c5 Qxa2 23. Rxe6 Qa1+ 24. Bb1 Rxe6 25. cxd6 Ne4 26. Ne2 c5 27. Nxf4 Rxd6 28.
d5 c4 29. Qc2 c3 30. bxc3 bxc3 31. Be3 Qa3+ 32. Kd1 f5 33. Ke2 Rb8 34. Qd3 g5
35. Qd4+ Kg8 36. Nh5 Qb2+ 37. Kf3 Nd2+ 38. Bxd2 cxd2 39. Qxb2 Rxb2 40. Bxf5 Kf7
41. Be4 Ra6 42. Rd1 Ra4 43. Ke3 a5 44. f4 gxf4+ 45. Nxf4 Rbb4 46. Bg6+ Kf6 47.
Bc2 Rxf4 48. Bxa4 Rxa4 49. Rxd2 Ke7 50. d6+ Kd7 51. Rd5 Ra3+ 52. Kf4 Rg3 53.
Rxa5 Rxg2 54. Rh5 Kxd6 55. Rxh4 Ke6 56. Rg4 Rxg4+ 57. hxg4 Kf6 1/2-1/2

[Event "Reykjavik Open 2026"]
[Site "Reykjavik ISL"]
[Date "2026.03.29"]
[Round "7.27"]
[White "Baskin, Robert"]
[Black "Li, Harry"]
[Result "1/2-1/2"]
[WhiteTitle "IM"]
[WhiteElo "2435"]
[BlackElo "2181"]
[WhiteFideId "24662402"]
[BlackFideId "430145"]
[EventDate "2026.03.25"]

1. e4 e5 2. Nf3 Nc6 3. Bb5 a6 4. Ba4 Nf6 5. O-O Be7 6. Re1 b5 7. Bb3 O-O 8. d3
d6 9. Bd2 Bg4 10. c3 Na5 11. Bc2 c5 12. h3 Bd7 13. Be3 Re8 14. Nbd2 Nc6 15. d4
cxd4 16. cxd4 h6 17. Rc1 Rc8 18. Bb1 Bf8 19. d5 Ne7 20. b4 Rxc1 21. Qxc1 a5 22.
a3 a4 23. Bd3 Qb8 24. Qb2 Rc8 25. Rc1 Rxc1+ 26. Qxc1 Ng6 27. Nb1 Ne8 28. Nc3 Nc7
29. Qf1 Be7 30. g3 Bf6 31. Kh2 Ne7 32. Qe2 Ng6 33. Nd2 Nf8 34. Ndb1 Ng6 35. h4
Ne7 36. h5 Kh7 37. f4 Nc8 38. g4 Kg8 39. g5 exf4 40. gxf6 fxe3 41. Qxe3 Qb6 42.
Qxb6 Nxb6 43. fxg7 Kxg7 44. Kg3 f5 45. Nd2 Kf6 46. Kf4 fxe4 47. Bxe4 Be8 48. Bf3
Bf7 49. Nde4+ Ke7 50. Ng3 Bxd5 51. Nf5+ Kf6 52. Nxd6 Bxf3 53. Kxf3 Kg5 54. Ke4
Kxh5 55. Kd4 Kg4 56. Kc5 Nc4 57. Ndxb5 Nxb5 58. Kxb5 Nxa3+ 59. Kxa4 Nc4 60. Ne4
Kf5 61. Ng3+ Ke5 1/2-1/2

[Event "Reykjavik Open 2026"]
[Site "Reykjavik ISL"]
[Date "2026.03.29"]
[Round "7.28"]
[White "Bartczak, Korneliusz"]
[Black "Akhvlediani, Irakli"]
[Result "0-1"]
[BlackTitle "IM"]
[WhiteElo "2120"]
[BlackElo "2429"]
[WhiteFideId "2523558"]
[BlackFideId "13601938"]
[EventDate "2026.03.25"]

1. e4 c5 2. Nf3 d6 3. d4 cxd4 4. Nxd4 Nf6 5. Nc3 a6 6. h3 e6 7. g4 h6 8. Bg2 Be7
9. Be3 Nc6 10. O-O Qc7 11. Qd2 Nxd4 12. Bxd4 e5 13. Be3 O-O 14. a4 Be6 15. Rfd1
Rac8 16. Rac1 Rfe8 17. Nd5 Nxd5 18. exd5 Bd7 19. b3 f5 20. gxf5 Bxf5 21. c4 Qd7
22. Rc3 Bd8 23. b4 Qxa4 24. Bxh6 Bf6 25. Rg3 Rxc4 26. Rc1 Rxc1+ 27. Qxc1 Rc8 28.
Rxg7+ Bxg7 29. Qg5 Qa1+ 30. Bf1 e4 31. Qxf5 Rf8 32. Qe6+ Rf7 33. Qe8+ Rf8 34.
Qe6+ Kh8 35. Qxd6 Rg8 36. Bg5 Bf6 37. h4 Bxg5 38. hxg5 Rxg5+ 39. Kh2 Qe5+ 40.
Qxe5+ Rxe5 41. Bc4 Kg7 42. Kg3 e3 43. fxe3 Rxe3+ 0-1

[Event "Reykjavik Open 2026"]
[Site "Reykjavik ISL"]
[Date "2026.03.29"]
[Round "7.29"]
[White "Injac, Teodora"]
[Black "Bech, Havard Eriksen"]
[Result "1-0"]
[WhiteTitle "IM"]
[WhiteElo "2417"]
[BlackElo "2161"]
[WhiteFideId "932400"]
[BlackFideId "1564684"]
[EventDate "2026.03.25"]

1. c4 c5 2. Nf3 Nf6 3. Nc3 e6 4. e3 Nc6 5. d4 d5 6. a3 a6 7. dxc5 Bxc5 8. b4 Bd6
9. Bb2 O-O 10. cxd5 exd5 11. Be2 Be6 12. O-O Rc8 13. Rc1 Bb8 14. Na4 Ne4 15. Nc5
Nxc5 16. Rxc5 Ba7 17. Rc2 Qe7 18. Rd2 Rfd8 19. Qa1 f6 20. Rfd1 Bf7 21. Bd3 Rd6
22. h4 h5 23. Bb1 Re8 24. Nd4 Nxd4 25. Bxd4 Bxd4 26. Qxd4 Rc8 27. Ba2 f5 28. Qf4
Qd7 29. Qf3 Rd8 30. Rd4 g6 31. Qg3 Qe7 32. Qf4 Kg7 33. Bb3 R6d7 34. Rc1 Qd6 35.
Qg5 Qe5 36. a4 Rc7 37. Rcd1 Rd6 38. e4 Rcd7 39. f4 Qe7 40. e5 Qxg5 41. hxg5 Rc6
42. Bxd5 Bxd5 43. Rxd5 Rxd5 44. Rxd5 Rc4 45. Rd7+ Kf8 46. Rxb7 Rxf4 47. a5 Re4
48. b5 Rxe5 49. bxa6 Rxa5 50. a7 1-0

[Event "Reykjavik Open 2026"]
[Site "Reykjavik ISL"]
[Date "2026.03.29"]
[Round "7.30"]
[White "Kurmann, Oliver"]
[Black "Ornolfsson, Magnus P."]
[Result "1/2-1/2"]
[WhiteTitle "IM"]
[BlackTitle "CM"]
[WhiteElo "2382"]
[BlackElo "2160"]
[WhiteFideId "1308173"]
[BlackFideId "2301016"]
[EventDate "2026.03.25"]

1. e4 c5 2. Nf3 a6 3. c3 d5 4. exd5 Qxd5 5. d4 e6 6. Be3 cxd4 7. cxd4 Nf6 8. Nc3
Qd8 9. Bd3 Be7 10. O-O b5 11. a4 b4 12. Ne4 Nbd7 13. a5 O-O 14. Bf4 Bb7 15. Nd6
Bd5 16. h3 Nb8 17. Nc4 Nc6 18. Nb6 Ra7 19. Nxd5 Nxd5 20. Bg3 g6 21. Qa4 Qd7 22.
Rfc1 Nb8 23. Bxb8 Qxa4 24. Rxa4 Rxb8 25. Ne5 Bf6 26. Rc6 Rba8 27. Bc4 Ne7 28.
Rb6 Nf5 29. Nc6 Rc7 30. d5 exd5 31. Bxd5 Re8 32. Raxb4 Re1+ 33. Kh2 Rd7 34. Be4
Nd4 35. Nxd4 Bxd4 36. Rxd4 Rxd4 37. Bb7 Ra1 38. b4 Ra4 39. Rxa6 Rdxb4 40. Ra8+
Kg7 41. a6 Ra5 42. Re8 Rb2 43. f4 h5 44. Re5 Ra4 45. Re7 Kf6 46. Rd7 Kg7 47. Bd5
Rxa6 48. Rxf7+ Kh6 49. h4 Rbb6 50. Rc7 Rb8 51. Kg3 Ra3+ 52. Bf3 Rf8 53. Rc4 Ra6
54. Rb4 Rd6 1/2-1/2

[Event "Reykjavik Open 2026"]
[Site "Reykjavik ISL"]
[Date "2026.03.29"]
[Round "7.31"]
[White "Lyutsinger, Iren"]
[Black "Belkaid, Sohan"]
[Result "0-1"]
[WhiteTitle "FM"]
[BlackTitle "FM"]
[WhiteElo "2182"]
[BlackElo "2379"]
[WhiteFideId "34425969"]
[BlackFideId "45180350"]
[EventDate "2026.03.25"]

1. e4 c5 2. Nf3 d6 3. Nc3 Nf6 4. d4 cxd4 5. Qxd4 Nc6 6. Bb5 Bd7 7. Qd3 g6 8. Bg5
Bg7 9. O-O-O Ng4 10. Rhf1 O-O 11. Bxc6 bxc6 12. h3 Nf6 13. e5 Bf5 14. Qe2 Nd5
15. Nxd5 cxd5 16. Rxd5 Qb6 17. Rfd1 Be6 18. Rb5 Qa6 19. Nd4 Qxa2 20. Nxe6 fxe6
21. exd6 exd6 22. Rxd6 a6 23. Rc5 Bxb2+ 24. Kd2 Ba3 25. Rcd5 Bb4+ 26. Kd1 Qa1+
27. Bc1 exd5 28. Qe6+ Kh8 29. Rxa6 Qd4+ 0-1

[Event "Reykjavik Open 2026"]
[Site "Reykjavik ISL"]
[Date "2026.03.29"]
[Round "7.32"]
[White "Sorensen, Per Settergren"]
[Black "Ragnarsson, Dagur"]
[Result "0-1"]
[BlackTitle "IM"]
[WhiteElo "2110"]
[BlackElo "2376"]
[WhiteFideId "1413872"]
[BlackFideId "2304058"]
[EventDate "2026.03.25"]

1. e4 c5 2. Nf3 Nc6 3. d4 cxd4 4. Nxd4 e5 5. Nb5 d6 6. N1c3 a6 7. Na3 Be7 8. Nc4
b5 9. Ne3 Nf6 10. Ned5 O-O 11. g3 Be6 12. Bg2 Rc8 13. Be3 b4 14. Bb6 Qd7 15.
Nxf6+ Bxf6 16. Nd5 Bd8 17. Bxd8 Qxd8 18. Ne3 Nd4 19. O-O Qb6 20. Qd3 Rc5 21. c3
bxc3 22. bxc3 Rxc3 23. Qd1 Rfc8 24. Qh5 Qd8 25. h4 g6 26. Qg5 Qxg5 27. hxg5 Ra3
28. Rfb1 Kg7 29. Rb6 Rc6 30. Rxc6 Nxc6 31. Rb1 Rxa2 32. Rb6 Nd4 33. Rxd6 h6 34.
gxh6+ Kxh6 35. Nd5 a5 36. Nc7 Bg4 37. Rf6 Kg7 38. Ne8+ Kf8 39. Nc7 Rc2 40. Nd5
Rc6 41. Rxc6 Nxc6 42. f3 Be6 43. Bf1 a4 44. Bc4 a3 45. Ba2 Bxd5 0-1

[Event "Reykjavik Open 2026"]
[Site "Reykjavik ISL"]
[Date "2026.03.29"]
[Round "7.33"]
[White "Tang, Zoey"]
[Black "Jakubek, Peter"]
[Result "1-0"]
[WhiteTitle "FM"]
[WhiteElo "2366"]
[BlackElo "2098"]
[WhiteFideId "30952530"]
[BlackFideId "14901048"]
[EventDate "2026.03.25"]

1. d4 d5 2. c4 c6 3. Nf3 Nf6 4. Nc3 dxc4 5. a4 Bf5 6. Ne5 Nbd7 7. Nxc4 Qc7 8. g3
e5 9. dxe5 Nxe5 10. Bf4 Nfd7 11. Bg2 g5 12. Bxe5 Nxe5 13. Qd4 f6 14. Ne3 Be6 15.
a5 a6 16. Ne4 Be7 17. h4 Rd8 18. Qc3 g4 19. O-O O-O 20. b4 Nd7 21. Rab1 Qe5 22.
Qc2 Kh8 23. Nd2 f5 24. Nec4 Qg7 25. e3 Ne5 26. Nxe5 Qxe5 27. Rfd1 Rd7 28. Nc4
Rxd1+ 29. Rxd1 Qb5 30. Bf1 Qxb4 31. Rb1 Qc5 32. Rxb7 Bf6 33. Qb3 Rd8 34. Be2 Qd5
35. Qb6 Rd7 36. Qxa6 Rxb7 37. Qxb7 Qe4 38. Nd6 Qe5 39. a6 Qa1+ 40. Bf1 1-0

[Event "Reykjavik Open 2026"]
[Site "Reykjavik ISL"]
[Date "2026.03.29"]
[Round "7.34"]
[White "Guo, Ethan"]
[Black "Krishay Jain"]
[Result "1/2-1/2"]
[WhiteTitle "FM"]
[WhiteElo "2364"]
[BlackElo "2097"]
[WhiteFideId "30976359"]
[BlackFideId "25129597"]
[EventDate "2026.03.25"]

1. e4 e6 2. d4 d5 3. Nc3 Nf6 4. e5 Nfd7 5. f4 c5 6. Nf3 Nc6 7. Be3 a6 8. Ne2 Be7
9. c3 O-O 10. h4 f6 11. g3 cxd4 12. Nexd4 Nc5 13. Bd3 Nxd3+ 14. Qxd3 fxe5 15.
Nxe5 Nxe5 16. fxe5 Bd7 17. O-O-O b5 18. Kb1 Qc7 19. Bg5 Bc5 20. Bf4 Qb6 21. h5
b4 22. c4 Bxd4 23. Qxd4 Qxd4 24. Rxd4 Bc6 25. Rc1 a5 26. h6 g6 27. Bg5 Rac8 28.
Bf6 Bb7 29. b3 Rc7 30. Rdd1 Rfc8 31. cxd5 Rxc1+ 32. Rxc1 Rxc1+ 33. Kxc1 Bxd5 34.
Bd8 a4 35. bxa4 Bxa2 36. Be7 Kf7 37. Bxb4 g5 38. a5 Ke8 39. Kd2 Kd7 40. Ke2 g4
41. Ke3 Bd5 42. Kf4 Bf3 43. a6 Kc7 44. Bc5 Kb8 45. Kg5 Ka8 46. Bb6 Kb8 47. Kf6
Bd5 48. Kf7 Ka8 49. Ke7 Kb8 50. Kd7 Ka8 51. Kc7 Bc4 52. Kd6 Bd5 53. Be3 Kb8 54.
a7+ Ka8 55. Ke7 Kb7 56. Kf6 Ka8 57. Bb6 Kb7 58. Kg7 Be4 59. Bg1 Ka8 60. Kf6 Bd5
61. Kg5 Bf3 62. Kf6 Bd5 63. Kg5 Bf3 64. Kf6 1/2-1/2

[Event "Reykjavik Open 2026"]
[Site "Reykjavik ISL"]
[Date "2026.03.29"]
[Round "7.35"]
[White "Papasimakopoulos, Alexandros"]
[Black "Kamp, Aaron"]
[Result "1-0"]
[WhiteTitle "IM"]
[WhiteElo "2360"]
[BlackElo "2069"]
[WhiteFideId "4244125"]
[BlackFideId "16231120"]
[EventDate "2026.03.25"]

1. d4 Nf6 2. c4 c5 3. Nf3 cxd4 4. Nxd4 Nc6 5. Nc3 d6 6. e4 g6 7. Be2 Bg7 8. Be3
O-O 9. O-O Bd7 10. Rc1 a6 11. f3 Rb8 12. Nb3 Na5 13. Nd4 Nc6 14. Nc2 Ne5 15. a4
Rc8 16. b3 Qc7 17. Qd2 Rfd8 18. Rfd1 Be8 19. Na3 e6 20. b4 Nc6 21. Rb1 Ne7 22.
a5 Qb8 23. Bd4 d5 24. cxd5 exd5 25. e5 Nd7 26. f4 Nf8 27. b5 axb5 28. Naxb5 Nf5
29. Bb6 d4 30. Ne4 Rd5 31. Nbd6 Nxd6 32. Nxd6 Rxd6 33. exd6 Ne6 34. Bg4 Qxd6 35.
Bxe6 Qxe6 36. Bxd4 Rd8 37. Qf2 Ba4 38. Rd2 Qd5 39. Bc3 Bxc3 40. Rxd5 Rxd5 41.
Qa2 Bc6 42. a6 Rd2 43. Qc4 Rxg2+ 44. Kf1 Rxh2 45. Qxc3 Rh1+ 46. Kf2 Rxb1 47. a7
b6 48. Qxc6 1-0

[Event "Reykjavik Open 2026"]
[Site "Reykjavik ISL"]
[Date "2026.03.29"]
[Round "7.36"]
[White "Marsh, James J"]
[Black "Spitzl, Vinzent"]
[Result "0-1"]
[BlackTitle "FM"]
[WhiteElo "2096"]
[BlackElo "2356"]
[WhiteFideId "30975751"]
[BlackFideId "12901253"]
[EventDate "2026.03.25"]

1. d4 d5 2. c4 e6 3. Nc3 Nf6 4. cxd5 exd5 5. Bg5 Bb4 6. Qb3 c5 7. dxc5 Nc6 8.
O-O-O Be6 9. e4 d4 10. Bc4 Qe7 11. Nd5 Qxc5 12. Bxf6 gxf6 13. Kb1 O-O-O 14. Ne2
f5 15. f3 Kb8 16. Nef4 Na5 17. Qxb4 Qxb4 18. Nxb4 Nxc4 19. Nbd5 fxe4 20. fxe4
Nd6 21. Nf6 Ne8 22. N6d5 Nd6 23. Rhe1 Nxe4 24. Nxe6 fxe6 25. Rxe4 Rxd5 26. Rexd4
Rhd8 27. Rxd5 exd5 28. Rd4 Rd6 29. Rh4 h6 30. Kc2 Kc7 31. Kd3 Re6 32. g3 a5 33.
a4 Rb6 34. Kd4 Rxb2 35. Kxd5 b5 36. Rxh6 bxa4 37. Ra6 Rxh2 38. g4 Rg2 39. Rxa5
Rxg4 40. Ra8 Kb7 41. Rh8 a3 42. Kc5 a2 43. Rh7+ Ka6 44. Rh8 Rg7 45. Rh1 Ka5 46.
Kc4 Ka4 47. Rh8 Rc7+ 48. Kd3 Ra7 49. Rh1 Kb3 50. Kd4 0-1

[Event "Reykjavik Open 2026"]
[Site "Reykjavik ISL"]
[Date "2026.03.29"]
[Round "7.37"]
[White "Ajay Krishna, S"]
[Black "Dimitrijevic, Aleksandra"]
[Result "1-0"]
[WhiteTitle "IM"]
[BlackTitle "WGM"]
[WhiteElo "2354"]
[BlackElo "2063"]
[WhiteFideId "5096430"]
[BlackFideId "929239"]
[EventDate "2026.03.25"]

1. d4 Nf6 2. Nf3 g6 3. e3 Bg7 4. Be2 d5 5. O-O O-O 6. b4 a5 7. b5 c5 8. bxc6
Nxc6 9. c3 Ne4 10. Bb2 a4 11. Na3 Bf5 12. c4 e6 13. Nb5 h5 14. Ba3 Re8 15. Nd2
Qg5 16. f4 Qd8 17. Nxe4 Bxe4 18. Nd6 Bf8 19. Nxb7 Qc7 20. Nc5 Bf5 21. Rc1 Qa7
22. h3 h4 23. Bf3 Rad8 24. Rc3 e5 25. fxe5 Nxe5 26. Bxd5 Nd3 27. Rxd3 1-0

[Event "Reykjavik Open 2026"]
[Site "Reykjavik ISL"]
[Date "2026.03.29"]
[Round "7.38"]
[White "Tsatsalashvili, Keti"]
[Black "Maton, Emily"]
[Result "1-0"]
[WhiteTitle "WGM"]
[WhiteElo "2305"]
[BlackElo "2016"]
[WhiteFideId "13603434"]
[BlackFideId "343120293"]
[EventDate "2026.03.25"]

1. Nf3 d5 2. b3 Nf6 3. Bb2 g6 4. g3 Bg7 5. Bg2 c5 6. O-O O-O 7. d4 cxd4 8. Bxd4
Nc6 9. Bb2 Bf5 10. Nbd2 Qd7 11. c4 dxc4 12. Nxc4 Rad8 13. Qc1 Bh3 14. Rd1 Qxd1+
15. Qxd1 Rxd1+ 16. Rxd1 Bxg2 17. Kxg2 Rd8 18. Rxd8+ Nxd8 19. Ba3 Nc6 20. Nfe5
Nxe5 21. Nxe5 Nd5 22. Nd3 e6 23. e3 Nc3 24. Nc1 Nd5 25. Bc5 b6 26. Bd6 f5 27.
Nd3 Kf7 28. a4 a6 29. Kf3 h6 30. Ke2 Nc3+ 31. Ke1 Nd5 32. Kd2 Nc3 33. f3 Nd5 34.
Nf2 e5 35. e4 Ke6 36. Ba3 Nc7 37. Nd3 Kd7 38. Bb2 Ke6 39. exf5+ gxf5 40. f4 Bf6
41. fxe5 Bg5+ 42. Ke2 Nd5 43. Kf3 Bd2 44. Bd4 Bc3 45. Bxc3 Nxc3 46. g4 Ne4 47.
Kf4 Kd5 1-0

[Event "Reykjavik Open 2026"]
[Site "Reykjavik ISL"]
[Date "2026.03.29"]
[Round "7.39"]
[White "Sayce, Hannah"]
[Black "Decosse, Jean-Fabien"]
[Result "0-1"]
[WhiteTitle "WCM"]
[BlackTitle "CM"]
[WhiteElo "1889"]
[BlackElo "2133"]
[WhiteFideId "3250695"]
[BlackFideId "622583"]
[EventDate "2026.03.25"]

1. e4 d6 2. d4 Nf6 3. Nc3 e5 4. Nge2 Nbd7 5. f3 c6 6. Be3 b5 7. Qd2 Nb6 8. b3 b4
9. Nd1 exd4 10. Nxd4 c5 11. Bb5+ Bd7 12. Bxd7+ Qxd7 13. Ne2 Be7 14. Nf2 O-O 15.
g4 d5 16. e5 Ne8 17. Ng3 Nc7 18. Nf5 Ne6 19. Rd1 f6 20. h4 fxe5 21. Ne4 Rad8 22.
Qh2 Nd4 23. Rxd4 exd4 24. Qe5 Rxf5 25. gxf5 dxe4 26. Rg1 Bxh4+ 27. Bf2 Bxf2+ 28.
Kxf2 exf3 29. Rg4 Rf8 30. Rf4 Nd5 31. Rg4 Nf6 32. Rg1 Qe8 33. Re1 Qxe5 0-1

[Event "Reykjavik Open 2026"]
[Site "Reykjavik ISL"]
[Date "2026.03.29"]
[Round "7.41"]
[White "Williams, Simon K"]
[Black "Andersen, Mads"]
[Result "0-1"]
[WhiteTitle "GM"]
[BlackTitle "GM"]
[WhiteElo "2443"]
[BlackElo "2562"]
[WhiteFideId "404454"]
[BlackFideId "1413864"]
[EventDate "2026.03.25"]

1. d4 d5 2. c4 dxc4 3. Nf3 Nf6 4. e3 e6 5. Bxc4 c5 6. O-O a6 7. e4 b5 8. Bd3 Bb7
9. e5 Nd5 10. Nc3 Nd7 11. Ng5 Be7 12. Nxe6 fxe6 13. Qh5+ Kf8 14. f4 Qe8 15. Qh3
cxd4 16. Nxd5 Bxd5 17. f5 Nxe5 18. Bh6 Bf6 19. Rac1 Rc8 20. fxe6 Rxc1 21. Rxc1
Nxd3 22. Bxg7+ Bxg7 23. Qf5+ Ke7 24. Rc7+ Kd6 25. Rd7+ Qxd7 26. exd7 Nc5 27.
Qf4+ 0-1

[Event "Reykjavik Open 2026"]
[Site "Reykjavik ISL"]
[Date "2026.03.29"]
[Round "7.42"]
[White "Hausberg, Volkmar-Dirk"]
[Black "Perchard, Matthew"]
[Result "0-1"]
[WhiteElo "1583"]
[BlackElo "1787"]
[WhiteFideId "533023280"]
[BlackFideId "343404235"]
[EventDate "2026.03.25"]

1. d4 d5 2. Nf3 e6 3. c4 Nf6 4. Nc3 Be7 5. Bf4 c6 6. h3 Nbd7 7. e3 dxc4 8. Bxc4
Nd5 9. Nxd5 exd5 10. Bd3 O-O 11. O-O Re8 12. Rc1 Nf8 13. a3 Ng6 14. Re1 Bd7 15.
Bg3 Qb6 16. b4 Rac8 17. Bb1 a5 18. bxa5 Qxa5 19. Bxg6 hxg6 20. Qd3 Bf5 21. Qb3
b5 22. Ne5 Qxa3 23. Qxa3 Bxa3 24. Rxc6 Rxc6 25. Nxc6 b4 26. Bd6 Be6 27. Bxb4
Bxb4 28. Nxb4 Rb8 29. Nc6 Ra8 30. f3 Ra6 31. Rc1 Ra3 32. Re1 f6 33. e4 Kf8 34.
exd5 Bxd5 35. Ne7 Bf7 36. Nc6 Rc3 37. Nd8 Bd5 38. Ne6+ Bxe6 39. Rxe6 Rd3 40. Re4
f5 41. Rf4 Ke7 42. Kf2 Rd2+ 43. Ke3 Rxg2 44. d5 Rg1 45. Rd4 Kd6 46. Kf4 Rh1 47.
Kg3 g5 48. Kg2 Rb1 49. Kg3 Rb5 50. f4 Rb3+ 51. Kg2 gxf4 52. Rxf4 Ke5 53. Rf2 Rd3
54. Re2+ Kf4 55. Rf2+ Kg5 56. h4+ Kf6 57. Rb2 Rxd5 58. Rb6+ Kf7 59. Rb7+ Kg6 60.
h5+ Kh6 61. Kf3 Rd4 62. Rf7 Rd1 63. Rxf5 Rf1+ 64. Ke4 Rxf5 65. Kxf5 Kxh5 66. Kf4
Kh4 67. Kf5 g5 0-1

[Event "Reykjavik Open 2026"]
[Site "Reykjavik ISL"]
[Date "2026.03.29"]
[Round "7.43"]
[White "Singh, Siddharth"]
[Black "Oskarsson, Markus Orri"]
[Result "1-0"]
[WhiteElo "2342"]
[BlackElo "2049"]
[WhiteFideId "39907023"]
[BlackFideId "2320118"]
[EventDate "2026.03.25"]

1. e4 e6 2. d4 d5 3. Nc3 Nf6 4. Bg5 dxe4 5. Nxe4 Bd7 6. Nf3 Bc6 7. Bxf6 gxf6 8.
Bd3 Nd7 9. Qe2 Bh6 10. Bb5 Bxe4 11. Qxe4 c6 12. Bd3 f5 13. Qe2 Rg8 14. O-O Qf6
15. a4 a5 16. c3 Qg6 17. g3 Qg4 18. Kh1 Nf6 19. Rfe1 Rg7 20. Ne5 Qxe2 21. Rxe2
f4 22. Nc4 Kd8 23. Kg2 Kc7 24. Kf3 b6 25. Re5 Rag8 26. Rg1 Kb7 27. Bc2 Kc7 28.
Bd3 Rd8 29. Ree1 Rdg8 30. Bc2 Nd5 31. Be4 f6 32. Bc2 Kd7 33. Re2 Ra8 34. Rge1 b5
35. axb5 cxb5 36. Na3 Nc7 37. Nxb5 Nxb5 38. Ba4 Re7 39. Bxb5+ Kd6 40. gxf4 Rb8
41. Bc4 Rbe8 42. Ra1 Ra7 43. Ra4 Bg7 44. b4 e5 45. bxa5 Rc8 46. a6 exd4 47. cxd4
f5 48. Re6+ Kd7 49. Rb6 Rcc7 50. Be6+ Ke7 51. Bxf5 1-0

[Event "Reykjavik Open 2026"]
[Site "Reykjavik ISL"]
[Date "2026.03.29"]
[Round "7.44"]
[White "Holinka, Henning"]
[Black "Mensing, Adrian"]
[Result "1-0"]
[WhiteTitle "FM"]
[WhiteElo "2324"]
[BlackElo "2044"]
[WhiteFideId "12967084"]
[BlackFideId "1043293"]
[EventDate "2026.03.25"]

1. e4 c5 2. Nf3 d6 3. d4 cxd4 4. Nxd4 Nf6 5. Nc3 a6 6. a3 e5 7. Nf5 d5 8. Bg5 d4
9. Bxf6 gxf6 10. Nb1 Bxf5 11. exf5 Qd5 12. Qh5 Nd7 13. Nd2 Qa5 14. Bc4 O-O-O 15.
Rd1 e4 16. O-O Qe5 17. Rfe1 e3 18. Nf3 Qc5 19. Bd3 exf2+ 20. Kxf2 Ne5 21. Nxe5
fxe5 22. Qxf7 Kb8 23. b4 Qd6 24. Re4 Bh6 25. Kg1 Be3+ 26. Kh1 Rhf8 27. Qh5 Rf6
28. Rf1 Rh6 29. Qf3 Qf6 30. Rg4 Rc8 31. c4 Qf7 32. c5 Ka7 33. Be4 Rd8 34. f6 Rf8
35. Rg7 1-0

[Event "Reykjavik Open 2026"]
[Site "Reykjavik ISL"]
[Date "2026.03.29"]
[Round "7.45"]
[White "Broihier, Ian"]
[Black "Kurmangaliyeva, Liya"]
[Result "0-1"]
[BlackTitle "FM"]
[WhiteElo "1922"]
[BlackElo "2319"]
[WhiteFideId "39902773"]
[BlackFideId "13725831"]
[EventDate "2026.03.25"]

1. e4 c5 2. Nc3 Nc6 3. Bb5 Nf6 4. Nf3 g6 5. e5 Nh5 6. d3 Ng7 7. Be3 Ne6 8. h4 h6
9. Bxc6 dxc6 10. Ne4 b6 11. Qd2 Bg7 12. O-O-O Nd4 13. c3 Nxf3 14. gxf3 Qd5 15.
c4 Qxe5 16. h5 Bf5 17. Bf4 Qd4 18. Be3 Qd7 19. hxg6 Bxg6 20. b4 cxb4 21. Qxb4 c5
22. Qa3 h5 23. Nc3 e6 24. Rhe1 Qc6 25. Bg5 Qxf3 26. Qa4+ Kf8 27. Kc2 Bd4 28. Qd7
Kg7 29. Rxe6 Bxc3 30. Kxc3 Qxd1 31. Rxg6+ Kxg6 32. f4 Qa1+ 33. Kb3 Qd4 34. Qc6+
f6 35. Bxf6 Qxf6 36. Qe4+ Kh6 0-1

[Event "Reykjavik Open 2026"]
[Site "Reykjavik ISL"]
[Date "2026.03.29"]
[Round "7.46"]
[White "Loncke, Matthieu"]
[Black "Todmunkh, Turbat"]
[Result "1-0"]
[WhiteElo "2263"]
[BlackElo "1880"]
[WhiteFideId "45197148"]
[BlackFideId "4925084"]
[EventDate "2026.03.25"]

1. d4 Nf6 2. c4 c5 3. d5 a6 4. a4 e6 5. Nc3 Qe7 6. Nf3 exd5 7. cxd5 d6 8. Bf4 g6
9. h3 Bg7 10. e3 O-O 11. Nd2 Nbd7 12. Be2 Rb8 13. O-O Ne8 14. Qc2 f5 15. Rae1
Nc7 16. Nc4 Ne8 17. a5 g5 18. Bh2 Ne5 19. Nb6 f4 20. Nxc8 Rxc8 21. exf4 gxf4 22.
Bg4 Rc7 23. Re4 Qg5 24. Be6+ Kh8 25. Kh1 f3 26. Rg1 Qh5 27. Rf4 Rxf4 28. Bxf4
fxg2+ 29. Rxg2 Ng6 30. Bg3 Be5 31. f4 Bd4 32. f5 Qxh3+ 33. Bh2 Ne7 34. f6 Qf3
35. fxe7 Qf1+ 36. Bg1 Qf3 37. Qe2 Qxe2 38. Rg8# 1-0